| 000 | 00631nam a2200217 a 4500 | ||
|---|---|---|---|
| 999 |
_c3458 _d3458 |
||
| 001 | 3458 | ||
| 003 | BD-JhCC | ||
| 005 | 20171119095203.0 | ||
| 008 | 171113s1964 bg |||| ||a| 000 0 ben d | ||
| 035 | _a(BD-JhCC)3458 | ||
| 040 |
_aBD-JhCC _dBD-JhCC |
||
| 041 | _aben | ||
| 082 |
_a923.1 _bAHS 1964 |
||
| 100 | _aআহসন, সৈয়দ আলী | ||
| 245 |
_aকবি মধুসূদন / _cসৈয়দ আলী আহসন, |
||
| 260 |
_aঢাকা : _bনওরোজ কিতাবিস্থান, _c1964 |
||
| 300 |
_a109 p. : _c20 cm. |
||
| 650 | _aBiography | ||
| 942 |
_2ddc _cBK |
||